Professione di Fede Quiz (Credo Niceno-Costantinopolitano) - Statistics

Statistiche generali
  • Questo quiz è stato fatto 14 volte
  • Il punteggio medio è 136 su 210
Statistiche sulle risposte
Testo % Corretto
Credo
100%
i
100%
in
100%
Padre
100%
Padre;
100%
Padre.
100%
solo
100%
un
100%
creato
90%
creatore
90%
di
90%
Dio,
90%
Dio
90%
onnipotente,
90%
cielo
80%
cielo,
80%
dal
80%
del
80%
della
80%
e
80%
è
80%
E
80%
terra,
80%
cose
70%
Cristo,
70%
Figlio
70%
Figlio.
70%
figlio
70%
Gesù
70%
invisibili.
70%
le
70%
nato
70%
prima
70%
si
70%
Signore,
70%
Signore
70%
tutte
70%
tutti
70%
visibili
70%
create.
60%
da
60%
60%
generato,
60%
Luce
60%
Luce,
60%
lui
60%
Maria
60%
mezzo
60%
non
60%
per
60%
Per
60%
Santo
60%
Santo,
60%
secoli:
60%
sono
60%
sostanza
60%
Spirito
60%
state
60%
stessa
60%
unigenito
60%
vero
60%
vero,
60%
al
50%
alla
50%
apostolica.
50%
avrà
50%
cattolica
50%
che
50%
Chiesa,
50%
dalla
50%
dei
50%
dello
50%
destra
50%
discese
50%
fatto
50%
fine.
50%
giudicare
50%
gloria,
50%
Il
50%
il
50%
incarnato
50%
la
50%
morti,
50%
morti
50%
nel
50%
nella
50%
nello
50%
noi
50%
nostra
50%
opera
50%
perdono
50%
regno
50%
salvezza
50%
santa
50%
seno
50%
siede
50%
suo
50%
una
50%
uomini
50%
uomo.
50%
Vergine
50%
verrà,
50%
verrà.
50%
vita
50%
vivi
50%
battesimo
40%
Con
40%
crocifisso
40%
Fu
40%
fu
40%
giorno
40%
glorificato,
40%
mondo
40%
morì
40%
nuovo
40%
peccati.
40%
Pilato,
40%
Ponzio
40%
procede
40%
Professo
40%
resurrezione
40%
risuscitato,
40%
salito
40%
Scritture,
40%
secondo
40%
sepolto.
40%
sotto
40%
terzo
40%
adorato
30%
Aspetto
30%
parlato
30%
profeti.
30%
ha
20%
Nessun quiz corrispondente trovato
Distribuzione punteggi
Percentuale di utenti per punteggio
Percentile per numero di risposta
I tuoi punteggi nel tempo
Non hai fatto questo quiz